Central Library OPAC University of Rajshahi

The ropemakers of Plymouth : (Record no. 69100)

MARC details
000 -LEADER
fixed length control field 00676nam a2200217 a 4500
001 - CONTROL NUMBER
control field 69100
003 - CONTROL NUMBER IDENTIFIER
rucl marc code BD-RjUL
005 - DATE AND TIME OF LATEST TRANSACTION
control field 20211209081841.0
008 - FIXED-LENGTH DATA ELEMENTS--GENERAL INFORMATION
fixed length control field 720209s1950 mauac 001 0 eng
035 ## - SYSTEM CONTROL NUMBER
System control number (BD-RjUL)69311
040 ## - CATALOGING SOURCE
Original cataloging agency DLC
Transcribing agency ODaWU
Modifying agency OCoLC
-- DLC
-- BD-RjUL
Language of cataloging eng
041 ## - LANGUAGE CODE
Language code of text/sound track or separate title eng
082 ## - DEWEY DECIMAL CLASSIFICATION NUMBER
Edition number 23
Classification number 677.71065
Author mark and year MOR 1950
100 1# - MAIN ENTRY--PERSONAL NAME
Personal name Morison, Samuel Eliot,
Dates associated with a name 1887-1976.
9 (RLIN) 204709
245 14 - TITLE STATEMENT
Title The ropemakers of Plymouth :
Remainder of title a history of the Plymouth Cordage Company, 1824-1949 /
260 ## - PUBLICATION, DISTRIBUTION, ETC. (IMPRINT)
Place of publication, distribution, etc. Boston :
Name of publisher, distributor, etc. Houghton Mifflin,
Date of publication, distribution, etc. 1950.
300 ## - PHYSICAL DESCRIPTION
Pagination 177 p. :
Illustrations ill. ;
Size 22 cm.
500 ## - GENERAL NOTE
General note Includes index
610 20 - SUBJECT ADDED ENTRY--CORPORATE NAME
Corporate name or jurisdiction name as entry element Plymouth Cordage Company.
942 ## - ADDED ENTRY ELEMENTS (KOHA)
Source of classification or shelving scheme Dewey Decimal Classification
Koha item type Books
Holdings
Lost status Source of classification or shelving scheme Damaged status Not for loan Collection code Permanent Location Current Location Shelving location Date acquired Source of acquisition Cost, normal purchase price Total Checkouts Full call number Date last seen Copy number Koha item type
  Dewey Decimal Classification   Not For Loan Non-fiction Central Library, University of Rajshahi Central Library, University of Rajshahi Reading Room 01/03/1958 U. S. Govt. 0.00   677.71065 MOR 1950 10/04/2017 C-1 Books